[Event "XVII. DBMM Schach"]
[Site "Berlin"]
[Date "2017.11.03"]
[Round "3.4"]
[White "Dehmel, Jens"]
[Black "Brauer, Frank"]
[Result "1-0"]
[WhiteElo "2082"]
[BlackElo "1815"]
[Annotator "fb"]
[PlyCount "41"]
[EventDate "2017.??.??"]
[EventType "team-swiss"]
[EventRounds "7"]
[EventCountry "GER"]
[SourceTitle "XVII. DBMM 2017"]
[Source "FV Schach e.V."]
[SourceDate "2018.05.26"]
[SourceVersion "1"]
[SourceVersionDate "2018.05.26"]
[SourceQuality "1"]
[WhiteTeam "Deutsche Post Bonn"]
[BlackTeam "Commerzbank Frankfurt"]
[WhiteTeamCountry "GER"]
[BlackTeamCountry "GER"]

1. d4 Nf6 2. c4 c5 3. Nf3 cxd4 4. Nxd4 Nc6 5. g3 e5 6. Nb5 d5 7. cxd5 Bb4+ 8.
N1c3 a6 9. dxc6 Qxd1+ 10. Kxd1 axb5 11. Bg2 Rb8 12. c7 Ra8 13. Nxb5 O-O 14. Be3
Ra5 15. Na7 e4 16. Rc1 Rd5+ 17. Kc2 Bc5 18. Bxc5 Rxc5+ 19. Kb1 Rxc1+ 20. Rxc1
g5 21. Rd1 1-0

[Event "XVII. DBMM Schach"]
[Site "Berlin"]
[Date "2017.11.03"]
[Round "3.1"]
[White "Koscielski, Janusz"]
[Black "Gottschalk, Jens"]
[Result "0-1"]
[WhiteElo "2337"]
[BlackElo "2268"]
[Annotator "rgv"]
[PlyCount "80"]
[EventDate "2017.??.??"]
[EventType "team-swiss"]
[EventRounds "7"]
[EventCountry "GER"]
[SourceTitle "XVII. DBMM 2017"]
[Source "FV Schach e.V."]
[SourceDate "2018.05.26"]
[SourceVersion "1"]
[SourceVersionDate "2018.05.26"]
[SourceQuality "1"]
[WhiteTeam "EKJ Herne und Wanne-Eickel"]
[BlackTeam "R+V Versicherung Wiesbaden"]
[WhiteTeamCountry "GER"]
[BlackTeamCountry "GER"]

1. e4 c5 2. Nf3 Nc6 3. Bb5 Nf6 4. Bxc6 dxc6 5. d3 Bg4 6. h3 Bh5 7. b3 Qc7 8.
Bb2 Nd7 9. Nbd2 e5 10. a4 f6 11. Nc4 Be7 12. a5 Nf8 {=} 13. Bc1 Ne6 14. Be3 O-O
15. g4 Bf7 16. O-O b5 17. Ncd2 Rad8 18. Nh4 g6 19. Ng2 Bd6 20. f3 Nf4 21. Kh2
Qe7 22. Qe1 a6 23. Rg1 Kh8 24. Rd1 Bc7 25. Qf2 Ne6 26. Ra1 Nd4 27. Ra2 Ne6 28.
Raa1 Nd4 29. Ra2 c4 30. bxc4 bxc4 31. Nxc4 Bxc4 32. dxc4 Qb4 33. c3 Qxc3 34.
Rc1 Qb4 35. Kg3 f5 36. Bh6 fxe4 37. Bxf8 Rxf8 38. Ne3 exf3 39. Kh2 Ne2 40. Kh1
Nxc1 0-1

[Event "XVII. DBMM Schach"]
[Site "Berlin"]
[Date "2017.11.03"]
[Round "3.2"]
[White "Seidler, Lukas"]
[Black "Hortolani, Sven Holger"]
[Result "1-0"]
[WhiteElo "2185"]
[BlackElo "2149"]
[Annotator "rgv"]
[PlyCount "108"]
[EventDate "2017.??.??"]
[EventType "team-swiss"]
[EventRounds "7"]
[EventCountry "GER"]
[SourceTitle "XVII. DBMM 2017"]
[Source "FV Schach e.V."]
[SourceDate "2018.05.26"]
[SourceVersion "1"]
[SourceVersionDate "2018.05.26"]
[SourceQuality "1"]
[WhiteTeam "R+V Versicherung Wiesbaden"]
[BlackTeam "EKJ Herne und Wanne-Eickel"]
[WhiteTeamCountry "GER"]
[BlackTeamCountry "GER"]

1. e4 e6 2. d4 d5 3. Nc3 Nf6 4. Bg5 Be7 5. e5 Ne4 6. Bxe7 Nxc3 7. Qd2 Qxe7 8.
Qxc3 Nc6 9. Bb5 Bd7 10. Bxc6 Bxc6 11. f4 a5 12. Nf3 Qb4 13. Kd2 Qxc3+ 14. Kxc3
O-O 15. a4 Rfc8 16. Ra3 Be8 17. Kd2 c5 18. dxc5 Rxc5 19. b3 Rac8 20. Nd4 f6 21.
Re1 Bg6 22. Ra2 Be4 23. g3 Kf7 24. Re3 Ke7 25. c3 fxe5 26. fxe5 Rf8 27. Ke1 Bg6
28. Rf2 Rxf2 29. Kxf2 Be4 30. Ke1 Rc8 31. Kd2 Rf8 32. Ke2 g5 33. Ke1 Rc8 34.
Kd2 h5 35. Re1 Rf8 36. Ke2 Rf7 37. Rc1 Bg2 38. b4 Be4 39. Ke3 Rf8 40. bxa5 Ra8
41. Nb3 Rc8 42. Nd2 Bf5 43. Kd4 Ra8 {=} 44. Nb3 Bg6 45. Kc5 Ra6 46. Kb4 b6 47.
axb6 Rxb6+ 48. Ka3 Bd3 49. Nd4 Kd7 50. Rd1 Bc4 51. Rd2 Rb1 52. Rf2 Ra1+ 53. Kb4
Rb1+ 54. Kc5 Ra1 1-0

[Event "XVII. DBMM Schach"]
[Site "Berlin"]
[Date "2017.11.03"]
[Round "3.3"]
[White "Leveikina, Jevgenija"]
[Black "Werner, Gregor"]
[Result "0-1"]
[WhiteElo "2099"]
[BlackElo "2128"]
[Annotator "rgv"]
[PlyCount "80"]
[EventDate "2017.??.??"]
[EventType "team-swiss"]
[EventRounds "7"]
[EventCountry "GER"]
[SourceTitle "XVII. DBMM 2017"]
[Source "FV Schach e.V."]
[SourceDate "2018.05.26"]
[SourceVersion "1"]
[SourceVersionDate "2018.05.26"]
[SourceQuality "1"]
[WhiteTeam "EKJ Herne und Wanne-Eickel"]
[BlackTeam "R+V Versicherung Wiesbaden"]
[WhiteTeamCountry "GER"]
[BlackTeamCountry "GER"]

1. d4 Nf6 2. Nf3 g6 3. g3 Bg7 4. Bg2 O-O 5. O-O d6 6. c3 Nbd7 7. Nbd2 e5 8.
dxe5 Nxe5 9. Nxe5 dxe5 10. Nc4 Qe7 11. e4 b6 12. Ne3 Ba6 13. c4 c6 14. Qc2 Nd7
15. Bd2 Rfd8 16. b4 Nf8 17. b5 cxb5 18. Nd5 Qb7 19. Bg5 bxc4 20. Bxd8 Rxd8 21.
Rfd1 Ne6 22. Qd2 h6 23. h4 Nd4 24. Kh1 Kh8 25. Rac1 Qd7 26. Ne3 b5 27. Qe1 Bb7
28. Nd5 f5 29. Nc3 b4 30. Nd5 Bxd5 31. exd5 c3 32. Qf1 e4 33. Qc4 Qxd5 34. Qxb4
Qxa2 35. Rxc3 Qxf2 36. Qe7 Rg8 37. Qxa7 e3 38. Rcc1 Ne2 39. Qb6 Nxg3+ 40. Kh2
Be5 0-1

[Event "XVII. DBMM Schach"]
[Site "Berlin"]
[Date "2017.11.03"]
[Round "3.4"]
[White "Launert, Martin"]
[Black "Selmanaj, Agim"]
[Result "1/2-1/2"]
[WhiteElo "1879"]
[BlackElo "1643"]
[Annotator "rgv"]
[PlyCount "155"]
[EventDate "2017.??.??"]
[EventType "team-swiss"]
[EventRounds "7"]
[EventCountry "GER"]
[SourceTitle "XVII. DBMM 2017"]
[Source "FV Schach e.V."]
[SourceDate "2018.05.26"]
[SourceVersion "1"]
[SourceVersionDate "2018.05.26"]
[SourceQuality "1"]
[WhiteTeam "R+V Versicherung Wiesbaden"]
[BlackTeam "EKJ Herne und Wanne-Eickel"]
[WhiteTeamCountry "GER"]
[BlackTeamCountry "GER"]

1. e4 g6 2. d4 Bg7 3. Nc3 d6 4. Bd3 Nc6 5. d5 Ne5 6. h3 Nxd3+ 7. Qxd3 a6 8. Nf3
e5 9. Be3 Ne7 10. Qd2 f5 11. Bg5 f4 12. O-O-O h6 13. Bxe7 Qxe7 14. Qd3 Bd7 15.
Kb1 O-O-O 16. Nd2 Kb8 17. Nb3 Rdf8 18. f3 g5 19. a3 h5 20. Na5 Qe8 21. Na2 g4
22. hxg4 hxg4 23. c4 g3 24. Rhg1 b6 25. Nb3 Ka7 26. Nc3 Bf6 27. Ka2 Be7 28. Nd2
Rh2 29. b4 Rfh8 30. Kb3 R8h7 31. a4 R7h6 32. Ndb1 Qh8 33. a5 Rh1 34. axb6+ cxb6
35. Ne2 Rxg1 36. Rxg1 Qe8 37. Nbc3 Rh2 38. Qb1 b5 39. cxb5 Bxb5 40. Nxb5+ Qxb5
41. Nc3 Qb6 42. Qc1 {=} Bd8 43. Na4 Qe3+ 44. Qxe3+ fxe3 45. Kc3 Bb6 46. Nxb6
Kxb6 47. Kd3 Kb5 48. Kxe3 Kxb4 49. f4 Rh8 50. fxe5 dxe5 51. Rb1+ Kc5 52. Rc1+
Kb4 53. Kd3 a5 54. Rb1+ Kc5 55. Rb7 Ra8 {=} 56. Rc7+ Kd6 57. Rc6+ Kd7 58. Kc3
a4 59. Kb2 a3+ 60. Ka2 Ra4 61. Rg6 Rxe4 62. Rxg3 Kd6 63. Kxa3 Kxd5 64. Rg8 Rc4
65. g4 e4 66. Rd8+ Ke5 67. Kb3 Rc7 68. Re8+ Kf4 69. g5 e3 70. g6 Kf3 71. Rf8+
Kg2 72. Re8 Kf2 73. Rf8+ Ke1 74. Rf7 Rc8 75. g7 Rg8 76. Kc3 e2 77. Kc2 Rc8+ 78.
Kb3 1/2-1/2

[Event "XVII. DBMM Schach"]
[Site "Berlin"]
[Date "2017.11.03"]
[Round "3.1"]
[White "Schramm, Christian"]
[Black "Feil, Stephan"]
[Result "1-0"]
[WhiteElo "2368"]
[BlackElo "2084"]
[Annotator "rgv"]
[PlyCount "77"]
[EventDate "2017.??.??"]
[EventType "team-swiss"]
[EventRounds "7"]
[EventCountry "GER"]
[SourceTitle "XVII. DBMM 2017"]
[Source "FV Schach e.V."]
[SourceDate "2018.05.26"]
[SourceVersion "1"]
[SourceVersionDate "2018.05.26"]
[SourceQuality "1"]
[WhiteTeam "AGI Frankfurt"]
[BlackTeam "SG Bayer Berlin"]
[WhiteTeamCountry "GER"]
[BlackTeamCountry "GER"]

1. e4 c5 2. Nf3 g6 3. Nc3 Bg7 4. d4 cxd4 5. Nxd4 Nc6 6. Be3 Nf6 7. Bc4 Qa5 8.
O-O Qb4 9. Bb3 O-O 10. a3 Qa5 11. h3 d6 12. Nde2 Qh5 13. Qd2 h6 14. Nf4 Qg5 15.
Ne6 Qh5 16. Nxf8 Kxf8 17. f3 g5 18. Rae1 Bd7 19. Ba4 Be6 20. Nd5 Rc8 21. Nxf6
Bxf6 22. Bxc6 Rxc6 23. c3 Bc4 24. Rf2 Qg6 25. Bd4 e5 26. Bxa7 g4 27. hxg4 Bh4
28. Be3 Kg7 29. a4 h5 30. gxh5 Bxf2+ 31. Bxf2 Qxh5 32. b4 d5 33. exd5 Rh6 34.
Bg3 f6 35. d6 Rg6 36. d7 Rxg3 37. d8=Q Qg6 38. Qc7+ Bf7 39. Qxb7 1-0

[Event "XVII. DBMM Schach"]
[Site "Berlin"]
[Date "2017.11.03"]
[Round "3.2"]
[White "Bladt, Friedhelm"]
[Black "Rietze, Clemens"]
[Result "0-1"]
[WhiteElo "2018"]
[BlackElo "2319"]
[Annotator "rgv"]
[PlyCount "80"]
[EventDate "2017.??.??"]
[EventType "team-swiss"]
[EventRounds "7"]
[EventCountry "GER"]
[SourceTitle "XVII. DBMM 2017"]
[Source "FV Schach e.V."]
[SourceDate "2018.05.26"]
[SourceVersion "1"]
[SourceVersionDate "2018.05.26"]
[SourceQuality "1"]
[WhiteTeam "SG Bayer Berlin"]
[BlackTeam "AGI Frankfurt"]
[WhiteTeamCountry "GER"]
[BlackTeamCountry "GER"]

1. e4 c5 2. b3 e6 3. Bb2 a6 4. e5 Nc6 5. Nf3 g5 6. h4 g4 7. Ng5 Bg7 8. Qxg4
Nxe5 9. Bxe5 Bxe5 10. Nxf7 Qf6 11. Nxh8 Qxh8 12. Qh5+ Ke7 13. Qg5+ Kd6 14. c3
b5 15. Na3 Bb7 16. O-O-O h6 17. Qe3 Ne7 18. d4 cxd4 19. cxd4 Bf6 20. Qf4+ Kc6
21. Be2 Rc8 22. Bf3+ Kb6+ 23. Nc2 Bxf3 24. Qxf3 Nd5 25. Kb2 b4 26. Rd3 a5 27.
g3 Nc3 28. Re1 Nxa2 29. Kxa2 Rxc2+ 30. Kb1 Rc6 31. Qe3 d5 {=} 32. Rc1 Rxc1+ 33.
Kxc1 Qc8+ 34. Kb1 a4 35. bxa4 Ka5 36. Qc1 Qc4 37. Rd2 Kxa4 38. Qb2 Qf1+ 39. Qc1
Qc4 40. Qb2 b3 0-1

[Event "XVII. DBMM Schach"]
[Site "Berlin"]
[Date "2017.11.03"]
[Round "3.4"]
[White "Althaus, Boris"]
[Black "Buescher, Henrik"]
[Result "1/2-1/2"]
[WhiteElo "1414"]
[BlackElo "2112"]
[Annotator "rgv"]
[PlyCount "54"]
[EventDate "2017.??.??"]
[EventType "team-swiss"]
[EventRounds "7"]
[EventCountry "GER"]
[SourceTitle "XVII. DBMM 2017"]
[Source "FV Schach e.V."]
[SourceDate "2018.05.26"]
[SourceVersion "1"]
[SourceVersionDate "2018.05.26"]
[SourceQuality "1"]
[WhiteTeam "SG Bayer Berlin"]
[BlackTeam "AGI Frankfurt"]
[WhiteTeamCountry "GER"]
[BlackTeamCountry "GER"]

1. e4 c6 2. Bc4 d5 3. exd5 cxd5 4. Bb5+ Nc6 5. h3 Nf6 6. Nf3 Qb6 7. a4 a6 8.
Bxc6+ bxc6 9. d4 Bf5 10. Nc3 e6 11. O-O Bd6 12. Ne5 h6 13. a5 Qc7 14. Re1 O-O
15. Qf3 Ne8 16. Re2 c5 17. Nxd5 exd5 18. Qxf5 Rd8 19. c3 Be7 20. dxc5 Bxc5 21.
b4 Ba7 22. Bf4 Nd6 23. Qg4 f5 24. Qf3 Qb7 25. Ng6 Ne4 26. Nxf8 Rxf8 27. Qh5 Qc6
1/2-1/2

[Event "XVII. DBMM Schach"]
[Site "Berlin"]
[Date "2017.11.03"]
[Round "3.1"]
[White "Humke, Andreas"]
[Black "Gohla, Ulf"]
[Result "1/2-1/2"]
[WhiteElo "1961"]
[BlackElo "2171"]
[Annotator "rgv"]
[PlyCount "39"]
[EventDate "2017.??.??"]
[EventType "team-swiss"]
[EventRounds "7"]
[EventCountry "GER"]
[SourceTitle "XVII. DBMM 2017"]
[Source "FV Schach e.V."]
[SourceDate "2018.05.26"]
[SourceVersion "1"]
[SourceVersionDate "2018.05.26"]
[SourceQuality "1"]
[WhiteTeam "Gardez Robe Berlin"]
[BlackTeam "Vodafone"]
[WhiteTeamCountry "GER"]
[BlackTeamCountry "GER"]

1. e4 e5 2. Nf3 Nc6 3. d4 exd4 4. Bc4 Nf6 5. e5 d5 6. Bb5 Ne4 7. Nxd4 Bd7 8.
Bxc6 bxc6 9. O-O Bc5 10. f3 Ng5 11. f4 Ne4 12. c3 O-O 13. Nd2 Nxd2 14. Bxd2 Bb6
15. Qf3 f6 16. Rae1 fxe5 17. Rxe5 Qf6 18. Rfe1 Rae8 19. Rxe8 Rxe8 20. Rxe8+
1/2-1/2

[Event "XVII. DBMM Schach"]
[Site "Berlin"]
[Date "2017.11.03"]
[Round "3.2"]
[White "Scheffner, Axel"]
[Black "Hoffmann, Michael"]
[Result "1-0"]
[WhiteElo "2249"]
[BlackElo "1949"]
[Annotator "rgv"]
[PlyCount "51"]
[EventDate "2017.??.??"]
[EventType "team-swiss"]
[EventRounds "7"]
[EventCountry "GER"]
[SourceTitle "XVII. DBMM 2017"]
[Source "FV Schach e.V."]
[SourceDate "2018.05.26"]
[SourceVersion "1"]
[SourceVersionDate "2018.05.26"]
[SourceQuality "1"]
[WhiteTeam "Vodafone"]
[BlackTeam "Gardez Robe Berlin"]
[WhiteTeamCountry "GER"]
[BlackTeamCountry "GER"]

1. d4 d5 2. c4 e6 3. Nc3 c6 4. cxd5 exd5 5. Qc2 Bd6 6. Nf3 Ne7 7. Bg5 f6 8. Bh4
Bf5 9. Qd2 Nd7 10. e3 a5 11. Bg3 Bxg3 12. hxg3 a4 13. Nh4 Bg4 14. Bd3 Nf8 15.
Qc2 a3 16. b4 Qd7 17. Na4 Qd6 18. Rb1 Bh5 19. Nf5 Nxf5 20. Bxf5 Bf7 21. Nc5 b6
22. Na4 b5 23. Nc5 Ra7 24. Rb3 Bg6 25. Bxg6+ Nxg6 26. Rxh7 1-0

[Event "XVII. DBMM Schach"]
[Site "Berlin"]
[Date "2017.11.03"]
[Round "3.3"]
[White "Hankow, Bert Juergen"]
[Black "Tochtrop, Matthias"]
[Result "1/2-1/2"]
[WhiteElo "2018"]
[BlackElo "2173"]
[Annotator "rgv"]
[PlyCount "34"]
[EventDate "2017.??.??"]
[EventType "team-swiss"]
[EventRounds "7"]
[EventCountry "GER"]
[SourceTitle "XVII. DBMM 2017"]
[Source "FV Schach e.V."]
[SourceDate "2018.05.26"]
[SourceVersion "1"]
[SourceVersionDate "2018.05.26"]
[SourceQuality "1"]
[WhiteTeam "Gardez Robe Berlin"]
[BlackTeam "Vodafone"]
[WhiteTeamCountry "GER"]
[BlackTeamCountry "GER"]

1. d4 g6 2. c4 Bg7 3. Nc3 d6 4. e4 Nc6 5. Be3 e5 6. d5 Nce7 7. Qd2 f5 8. f3 Nf6
9. Bd3 O-O 10. Nge2 Bd7 11. O-O-O a6 12. Kb1 Rb8 13. Rc1 b5 14. c5 b4 15. Nd1
Bb5 16. h3 a5 17. g4 f4 1/2-1/2

[Event "XVII. DBMM Schach"]
[Site "Berlin"]
[Date "2017.11.03"]
[Round "3.4"]
[White "Elster, Ulrich"]
[Black "Goepel, Helmut"]
[Result "1/2-1/2"]
[WhiteElo "1881"]
[BlackElo "1767"]
[Annotator "rgv"]
[PlyCount "69"]
[EventDate "2017.??.??"]
[EventType "team-swiss"]
[EventRounds "7"]
[EventCountry "GER"]
[SourceTitle "XVII. DBMM 2017"]
[Source "FV Schach e.V."]
[SourceDate "2018.05.26"]
[SourceVersion "1"]
[SourceVersionDate "2018.05.26"]
[SourceQuality "1"]
[WhiteTeam "Vodafone"]
[BlackTeam "Gardez Robe Berlin"]
[WhiteTeamCountry "GER"]
[BlackTeamCountry "GER"]

1. d4 f5 2. g3 Nf6 3. Bg2 e6 4. Nf3 d5 5. c4 c6 6. O-O Be7 7. b3 O-O 8. Ba3
Bxa3 9. Nxa3 Qe7 10. Nc2 Bd7 11. Nce1 Be8 12. Nd3 Bh5 13. Rc1 Nbd7 14. Re1 Rae8
15. Nf4 Bf7 16. cxd5 exd5 17. Bh3 g6 18. Bg2 Ne4 19. Nd3 Nef6 20. Nfe5 Nxe5 21.
Nxe5 Nd7 22. Nd3 Be6 23. h4 Qf6 24. e3 h6 25. b4 a6 26. a4 Rc8 27. Qb3 Qe7 28.
Rc3 Nb6 29. Ne5 Kg7 30. Rec1 Nc4 31. Nd3 b5 32. Nc5 Ra8 33. Ra1 g5 34. hxg5
hxg5 35. Qd1 1/2-1/2

[Event "XVII. DBMM Schach"]
[Site "Berlin"]
[Date "2017.11.03"]
[Round "3.1"]
[White "Lenhardt, Manfred"]
[Black "Kuhne, Detlev"]
[Result "1/2-1/2"]
[WhiteElo "2086"]
[BlackElo "2136"]
[Annotator "rgv"]
[PlyCount "46"]
[EventDate "2017.??.??"]
[EventType "team-swiss"]
[EventRounds "7"]
[EventCountry "GER"]
[SourceTitle "XVII. DBMM 2017"]
[Source "FV Schach e.V."]
[SourceDate "2018.05.26"]
[SourceVersion "1"]
[SourceVersionDate "2018.05.26"]
[SourceQuality "1"]
[WhiteTeam "Vattenfall Berlin"]
[BlackTeam "Deutsche Bahn/BSW Berlin II"]
[WhiteTeamCountry "GER"]
[BlackTeamCountry "GER"]

1. d4 d5 2. Nf3 Nf6 3. c4 c6 4. Nc3 a6 5. a4 Bf5 6. e3 e6 7. Bd3 Bxd3 8. Qxd3
Nbd7 9. O-O Be7 10. e4 dxe4 11. Nxe4 Nxe4 12. Qxe4 Nf6 13. Qc2 O-O 14. b3 Qa5
15. Bb2 Rac8 16. Rad1 Qh5 17. Rfe1 Rfe8 18. Ne5 Ng4 19. Nxg4 Qxg4 20. Re4 Qg6
21. Qe2 Bf8 22. Re1 Red8 23. h4 h6 1/2-1/2

[Event "XVII. DBMM Schach"]
[Site "Berlin"]
[Date "2017.11.03"]
[Round "3.2"]
[White "Klotzsche, Thomas"]
[Black "Busse, Wolfgang"]
[Result "1/2-1/2"]
[WhiteElo "1941"]
[BlackElo "1841"]
[Annotator "rgv"]
[PlyCount "40"]
[EventDate "2017.??.??"]
[EventType "team-swiss"]
[EventRounds "7"]
[EventCountry "GER"]
[SourceTitle "XVII. DBMM 2017"]
[Source "FV Schach e.V."]
[SourceDate "2018.05.26"]
[SourceVersion "1"]
[SourceVersionDate "2018.05.26"]
[SourceQuality "1"]
[WhiteTeam "Deutsche Bahn/BSW Berlin II"]
[BlackTeam "Vattenfall Berlin"]
[WhiteTeamCountry "GER"]
[BlackTeamCountry "GER"]

1. e4 c5 2. Nf3 g6 3. Bc4 Bg7 4. c3 d6 5. O-O Nf6 6. Re1 O-O 7. d3 Nc6 8. h3 a6
9. a4 Qc7 10. Nbd2 e6 11. Bb3 Bd7 12. Nf1 b5 13. Bf4 e5 14. Bg5 h6 15. Bh4 Nh5
16. Ne3 Nf4 17. Bg3 Ne7 18. d4 c4 19. Bc2 Be6 20. Qd2 g5 1/2-1/2

[Event "XVII. DBMM Schach"]
[Site "Berlin"]
[Date "2017.11.03"]
[Round "3.3"]
[White "Schulze, Norbert"]
[Black "Strauss, Peter"]
[Result "1-0"]
[WhiteElo "1794"]
[BlackElo "1838"]
[Annotator "rgv"]
[PlyCount "81"]
[EventDate "2017.??.??"]
[EventType "team-swiss"]
[EventRounds "7"]
[EventCountry "GER"]
[SourceTitle "XVII. DBMM 2017"]
[Source "FV Schach e.V."]
[SourceDate "2018.05.26"]
[SourceVersion "1"]
[SourceVersionDate "2018.05.26"]
[SourceQuality "1"]
[WhiteTeam "Vattenfall Berlin"]
[BlackTeam "Deutsche Bahn/BSW Berlin II"]
[WhiteTeamCountry "GER"]
[BlackTeamCountry "GER"]

1. d4 d5 2. c4 e6 3. Nc3 Nf6 4. cxd5 exd5 5. Bg5 c6 6. Qc2 Be7 7. e3 Be6 8. Bd3
h6 9. Bh4 Nbd7 10. Nge2 Nh5 11. Bxe7 Qxe7 12. Bf5 O-O 13. O-O Rfe8 14. Bxe6
Qxe6 15. Nc1 f5 16. Nd3 g6 17. Ne2 Qf7 18. Rab1 Nhf6 19. Rfe1 Ne4 20. b4 Rac8
21. Qb2 a6 22. a4 Nd6 23. Qa2 Kg7 24. Rec1 Qe7 25. Rc2 Nc4 26. Qb3 b5 27. axb5
axb5 28. Ra1 Ra8 29. Rca2 Ndb6 30. Nc5 Rxa2 31. Rxa2 Ra8 32. Rxa8 Nxa8 33. Qa2
Nab6 34. Qa6 Kf7 35. g3 Qc7 36. h4 Nc8 37. Kg2 N4b6 38. Nf4 Nd7 39. Nxd7 Qxd7
40. Nd3 Ne7 41. Ne5+ 1-0

[Event "XVII. DBMM Schach"]
[Site "Berlin"]
[Date "2017.11.03"]
[Round "3.4"]
[White "Rollwitz, Juergen"]
[Black "Lewandowski, Sylvester"]
[Result "1/2-1/2"]
[WhiteElo "1936"]
[BlackElo "1771"]
[Annotator "rgv"]
[PlyCount "50"]
[EventDate "2017.??.??"]
[EventType "team-swiss"]
[EventRounds "7"]
[EventCountry "GER"]
[SourceTitle "XVII. DBMM 2017"]
[Source "FV Schach e.V."]
[SourceDate "2018.05.26"]
[SourceVersion "1"]
[SourceVersionDate "2018.05.26"]
[SourceQuality "1"]
[WhiteTeam "Deutsche Bahn/BSW Berlin II"]
[BlackTeam "Vattenfall Berlin"]
[WhiteTeamCountry "GER"]
[BlackTeamCountry "GER"]

1. e4 e6 2. d4 d5 3. exd5 exd5 4. Bd3 Nf6 5. Ne2 Bd6 6. Bf4 O-O 7. O-O Bg4 8.
f3 Bh5 9. Bxd6 Qxd6 10. Qd2 Bg6 11. Nf4 Bxd3 12. Nxd3 Re8 13. Nc3 Nbd7 14. Qf2
Re7 15. Rfe1 Rae8 16. Rxe7 Rxe7 17. Re1 g6 18. Re2 h6 19. Qe1 Kf8 20. Rxe7 Qxe7
21. Qxe7+ Kxe7 22. Kf2 Kd6 23. Ke3 b5 24. Ne2 g5 25. h3 a5 1/2-1/2

[Event "XVII. DBMM Schach"]
[Site "Berlin"]
[Date "2017.11.03"]
[Round "3.1"]
[White "Koerlin, Hans Juergen"]
[Black "Haenisch, Uwe"]
[Result "0-1"]
[WhiteElo "1845"]
[BlackElo "2195"]
[Annotator "rgv"]
[PlyCount "66"]
[EventDate "2017.??.??"]
[EventType "team-swiss"]
[EventRounds "7"]
[EventCountry "GER"]
[SourceTitle "XVII. DBMM 2017"]
[Source "FV Schach e.V."]
[SourceDate "2018.05.26"]
[SourceVersion "1"]
[SourceVersionDate "2018.05.26"]
[SourceQuality "1"]
[WhiteTeam "BA Tempelhof Berlin III"]
[BlackTeam "Deutsche Bahn/BSW Frankurt/M"]
[WhiteTeamCountry "GER"]
[BlackTeamCountry "GER"]

1. e4 Nf6 2. Nc3 d5 3. e5 Nfd7 4. d4 c5 5. Nf3 e6 6. Be3 Nc6 7. Be2 cxd4 8.
Bxd4 Nxd4 9. Qxd4 Bc5 10. Qg4 O-O 11. O-O f5 12. Qg3 a6 13. Rad1 Qc7 14. Rfe1
Bb4 15. Bd3 Bxc3 16. bxc3 Qxc3 17. Ng5 Qc6 18. Nxh7 Kxh7 19. Qh4+ Kg8 20. f4
Qb6+ 21. Kh1 Qd8 22. Qh5 Nc5 23. Re3 Qe8 24. Qh4 Bd7 25. Rh3 Bc6 26. Qh7+ Kf7
27. Be2 Ke7 28. Bh5 Rf7 29. Rg3 g5 30. Qg6 Ne4 31. Rxg5 Nxg5 32. Qxg5+ Kd7 33.
Qg6 Re7 0-1

[Event "XVII. DBMM Schach"]
[Site "Berlin"]
[Date "2017.11.03"]
[Round "3.2"]
[White "Kopp, Jan"]
[Black "Lehmann, Michael"]
[Result "1-0"]
[WhiteElo "2042"]
[BlackElo "1722"]
[Annotator "rgv"]
[PlyCount "81"]
[EventDate "2017.??.??"]
[EventType "team-swiss"]
[EventRounds "7"]
[EventCountry "GER"]
[SourceTitle "XVII. DBMM 2017"]
[Source "FV Schach e.V."]
[SourceDate "2018.05.26"]
[SourceVersion "1"]
[SourceVersionDate "2018.05.26"]
[SourceQuality "1"]
[WhiteTeam "Deutsche Bahn/BSW Frankurt/M"]
[BlackTeam "BA Tempelhof Berlin III"]
[WhiteTeamCountry "GER"]
[BlackTeamCountry "GER"]

1. d4 d5 2. c4 Nf6 3. cxd5 Nxd5 4. e4 Nf6 5. Nc3 e6 6. Bg5 Be7 7. Nf3 c6 8. Bd3
Nbd7 9. O-O O-O 10. Qe2 Nb6 11. Rfd1 h6 12. Bf4 Ne8 13. Bc2 f5 14. exf5 exf5
15. Bb3+ Nd5 16. Nxd5 cxd5 17. Bxd5+ Qxd5 18. Qxe7 Nf6 19. Be5 Bd7 20. Qc5 Bc6
21. b3 Ne4 22. Qxd5+ Bxd5 23. Rac1 Rac8 24. Bc7 Rf7 25. Ba5 Rff8 26. Bb4 Rfe8
27. Ne5 b6 28. f3 Nf6 29. Kf2 Bb7 30. Ba3 Red8 31. Rxc8 Rxc8 32. Rc1 Rxc1 33.
Bxc1 Kf8 34. Ba3+ Ke8 35. Nc4 Bc8 36. Nd6+ Kd8 37. Nxc8 Kxc8 38. Bf8 Ne8 39.
Ke3 Kd7 40. d5 h5 41. Kf4 1-0

[Event "XVII. DBMM Schach"]
[Site "Berlin"]
[Date "2017.11.03"]
[Round "3.3"]
[White "Schneider, Eckehard"]
[Black "Thomas, Mario"]
[Result "1-0"]
[WhiteElo "1842"]
[BlackElo "2059"]
[Annotator "rgv"]
[PlyCount "77"]
[EventDate "2017.??.??"]
[EventType "team-swiss"]
[EventRounds "7"]
[EventCountry "GER"]
[SourceTitle "XVII. DBMM 2017"]
[Source "FV Schach e.V."]
[SourceDate "2018.05.26"]
[SourceVersion "1"]
[SourceVersionDate "2018.05.26"]
[SourceQuality "1"]
[WhiteTeam "BA Tempelhof Berlin III"]
[BlackTeam "Deutsche Bahn/BSW Frankurt/M"]
[WhiteTeamCountry "GER"]
[BlackTeamCountry "GER"]

1. e4 d5 2. exd5 Nf6 3. Nc3 Nbd7 4. d4 Nb6 5. Bb5+ Bd7 6. Qe2 a6 7. Bxd7+ Qxd7
8. Nf3 Nbxd5 9. Nxd5 Qxd5 10. O-O c6 11. c4 Qh5 12. Bf4 e6 13. a3 Be7 14. Rfe1
O-O 15. Qc2 Rfd8 16. Qb3 b5 17. Re5 Qg4 18. Bd2 Nd7 19. h3 Qg6 20. Re2 Bf6 21.
Ba5 Rdc8 22. Rae1 Rab8 23. c5 Be7 24. Re4 Nf6 25. Ne5 Qf5 26. R4e3 Nd5 27. Rf3
Nf4 28. Bd2 Bg5 29. Bxf4 Bxf4 30. g4 Bxe5 31. gxf5 Bxd4 32. fxe6 f6 33. e7+ Kh8
34. Qf7 Re8 35. Rg3 g6 36. b4 a5 37. h4 axb4 38. axb4 f5 39. h5 1-0